000 00318nam a22001217a 4500
008 160423b xxu||||| |||| 00| 0 eng d
020 _a9780838503461
020 _a0838503462
041 _aeng
080 _a618.2
245 _aCritical care nursing:
_cMarianne CHulay;Cathie Guzzetta; Barbara Dossey;
942 _2udc
_cBK
999 _c1550
_d1550